Um estranho Natal (Registo nº 759)

Detalhes MARC
000 -Etiqueta do registo
Cabeçalho 00721nam0a2200253 4500
005 - Identificador da versão
Campo de controlo 20240822155045.0
010 ## - Número internacional normalizado dos livros (ISBN)
Número (ISBN) 9789724120027
021 ## - Número do Depósito Legal
Código do país PT
Número 252651/07
100 ## - Dados gerais de processamento
Dados gerais de processamento 20151002d2007 a e0pory5003 ba
101 0# - Língua de publicação
Língua do texto, banda sonora, etc. Português
102 ## - Pais de publicação ou produção
País de publicação Portugal
200 1# - Titulo e menção de responsabilidade
Título próprio Um estranho Natal
Primeira menção de responsabilidade João Aguiar
Outras menções de responsabilidade il. António Jorge Gonçalves
205 ## - Menção da edição
Menção da edição 7ª ed
210 ## - Publicação, Distribuição, etc. 
Lugar da edição, distribuição, etc. Porto
Nome do editor, distribuidor, etc. Asa
Data da publicação, distribuição, etc. 2007
215 ## - Descrição física 
Indicação específica da natureza do documento e extensão da espécie 202, [14] p.
Outras indicações físicas il
225 2# - Colecção 
Título próprio da colecção O bando dos quatro
Indicação de volume 7
606 ## - Nome comum usado como assunto
Número de registo de entrada de autoridade 0002112
Palavra de ordem Literatura portuguesa
Subdivisão de assunto Romances de aventuras
Código do sistema CA
675 ## - Classificação Decimal Universal (CDU)
Notação 821.134.3-311.3
Edição 3ª ed.
Língua da edição por
700 #1 - Nome de autor-pessoa física (responsabilidade principal)
Número de registo de entrada de autoridade 0002601
Palavra de ordem Aguiar
Outra parte do nome não tomada para palavra de ordem João
Datas 1943-2010
702 #1 - Nome de autor-pessoa física (responsabilidade secundária)
Número de registo de entrada de autoridade 0001170
Palavra de ordem Gonçalves
Outra parte do nome não tomada para palavra de ordem António Jorge
Código de função Ilustrador / Técnico de desenho computorizado
942 ## - Elementos de entrada adicionados (Koha)
Tipo de item no Koha Livro
966 ## - Identificação da Biblioteca
Sigla EB2,3ENM
Exemplares
Situação do levantamento Origin of item (home branch) (coded) Biblioteca de empréstimo Código de barras Cota Circulation type (not for loan) Tipo de documento Nota do exemplar Damaged status
  Biblioteca Escolar Eng. Nuno Mergulhão Biblioteca Escolar Eng. Nuno Mergulhão BENM1436 82LP-3 AGU   Livro Sem mensagem